000 01193nam0a22002891 4500
001 rc\4806047
005 20260407082940.0
021 _aRU
_b[66-15274]
035 _a(NLR Aleph) 008786301
090 _a8013185
_c8013185
100 _a20130426d1966 |||y0rusy50 ca
101 0 _arus
102 _aRU
105 _aa z |||||
200 1 _aХранение картофеля с принудительной вентиляцией
_fМ-во сел. хозяйства СССР. [Гл. упр. с.-х. науки и пропаганды. Науч.-исслед. ин-т картофельного хозяйства]
210 _a[Москва
_cКолос
_d1966]
215 _a16 с.
_cил.
_d21
300 _aНа обороте тит. л. авт.: Ю.И. Зиновьев
606 _aКартофель
_xХранение
_2psbo
701 1 _aЗиновьев
_bЮ.И.
712 0 2 _4570
_aНИИ картофельного хозяйства
_cст. Малаховка, Московско-Рязанская ж. д.
_3RU\NLR\AUTH\888992
_9290484
801 0 _aRU
_bNLR
_gpsbo
801 1 _aRU
_bELAR
_2rusmarc
852 _aNLR
_j66-6/2399
942 _cBOOK
980 _aNB